000
00246nam a2200097Ia 4500
008
240331s9999 xx 000 0 und d
082
_b
THI
100
_a
Thillainadarajah, S
245
0
_a
Kalyanam mudiththup par :
_b
sirippu chiththirangal
942
_c
L
999
_c
3860
_d
3860